Music Quiz

Random Music or Song Quiz

Album by Famous Tracks Quiz Stats

 Plays Quiz Updated Mar 19, 2020

Support Sporcle.
Go Orange.
Score 0/20 Timer 08:00
2 Plays Today
Tracks Album % Correct
The Girl is Mine; Beat It; Baby Be MineThriller (Michael Jackson)
80.4%
Lounge Act; Lithium; Come as You AreNevermind (Nirvana)
75.7%
Eleanor Rigby; Tomorrow Never Knows; TaxmanRevolver (The Beatles)
73.6%
With Or Without You; Bullet The Blue Sky; In God's CountryThe Joshua Tree (U2)
68.3%
Paradise City; Welcome to the Jungle; Sweet Child o MineAppetite for Destruction (Guns n' Roses)
68.2%
Dazed And Confused; Babe, I'm Gonna Leave You; How Many More TimesLed Zeppelin (Led Zeppelin)
62.4%
Turning Tables; Someone Like You; Set Fire to the Rain21 (Adele)
59.6%
Cover Me; I'm On Fire; Glory DaysBorn In The USA (Bruce Springsteen)
58%
Longview; When I Come Around; SheDookie (Green Day)
55.5%
Spanish Bombs; Clampdown; Train In Vain (Stand By Me)London Calling (The Clash)
46.9%
Tracks Album % Correct
Second Hand News; Gold Dust Woman; I Don't Want to KnowRumours (Fleetwood Mac)
41.9%
Don't Panic; Everything is Not Lost; YellowParachutes (Coldplay)
38.5%
Obviously 5 Believers; Visions of Johanna; Just Like A WomanBlonde On Blonde (Bob Dylan)
37.1%
The Hardest Button To Button; Black Math; I Just Don't Know What To Do With MyselfElephant (The White Stripes)
34.6%
Jesus Walks; Slow Jamz; All Falls DownThe College Dropout (Kanye West)
34.3%
Mercy Mercy Me (The Ecology); God is Love; Right OnWhat's Going On (Marvin Gaye)
32.1%
My Iron Lung; Black Star; Bullet Proof..I Wish I WasThe Bends (Radiohead)
30.8%
Keep the Car Running; (Antichrist Television Blues); No Cars GoNeon Bible (Arcade Fire)
20.6%
Pot Kettle Black; Jesus, Etc; I Am Trying to Break Your HeartYankee Hotel Foxtrot (Wilco)
17.9%
Sitting, Waiting, Wishing; Better Together; Banana PancakesIn Between Dreams (Jack Johnson)
8.3%

From the Vault

Sporcle Eightsomes Grab Bag

by sproutcm

It may not predict the future, but we think 8 is a magical number all the same.
Remove Ads.
Support Sporcle.
Get the best of Sporcle when you Go Orange. This ad-free experience offers more features, more stats, and more fun while also helping to support Sporcle. Thank you for becoming a member.

Show Comments

Extras

Top Quizzes Today


Score Distribution

Your Account Isn't Verified!

In order to create a playlist on Sporcle, you need to verify the email address you used during registration. Go to your Sporcle Settings to finish the process.

Report this User

Report this user for behavior that violates our Community Guidelines.

Details: